|
|
|
|
| LEADER |
01468nam a22004455i 4500 |
| 001 |
978-0-387-88739-5 |
| 003 |
DE-He213 |
| 005 |
20161022021935.0 |
| 007 |
cr nn 008mamaa |
| 008 |
100301s2008 xxu| s |||| 0|eng d |
| 020 |
|
|
|a 9780387887395
|9 978-0-387-88739-5
|
| 024 |
7 |
|
|a 10.1007/978-0-387-88739-5
|2 doi
|
| 040 |
|
|
|d GrThAP
|
| 050 |
|
4 |
|a QB460-466
|
| 072 |
|
7 |
|a PHVB
|2 bicssc
|
| 072 |
|
7 |
|a SCI005000
|2 bisacsh
|
| 082 |
0 |
4 |
|a 523.01
|2 23
|
| 245 |
1 |
4 |
|a The Hinode Mission
|h [electronic resource] /
|c edited by Takashi Sakurai.
|
| 264 |
|
1 |
|a New York, NY :
|b Springer New York,
|c 2008.
|
| 300 |
|
|
|a IV, 207 p.
|b online resource.
|
| 336 |
|
|
|a text
|b txt
|2 rdacontent
|
| 337 |
|
|
|a computer
|b c
|2 rdamedia
|
| 338 |
|
|
|a online resource
|b cr
|2 rdacarrier
|
| 347 |
|
|
|a text file
|b PDF
|2 rda
|
| 650 |
|
0 |
|a Physics.
|
| 650 |
|
0 |
|a Observations, Astronomical.
|
| 650 |
|
0 |
|a Astronomy
|x Observations.
|
| 650 |
|
0 |
|a Astrophysics.
|
| 650 |
|
0 |
|a Space sciences.
|
| 650 |
1 |
4 |
|a Physics.
|
| 650 |
2 |
4 |
|a Astrophysics and Astroparticles.
|
| 650 |
2 |
4 |
|a Extraterrestrial Physics, Space Sciences.
|
| 650 |
2 |
4 |
|a Astronomy, Observations and Techniques.
|
| 700 |
1 |
|
|a Sakurai, Takashi.
|e editor.
|
| 710 |
2 |
|
|a SpringerLink (Online service)
|
| 773 |
0 |
|
|t Springer eBooks
|
| 776 |
0 |
8 |
|i Printed edition:
|z 9780387887388
|
| 856 |
4 |
0 |
|u http://dx.doi.org/10.1007/978-0-387-88739-5
|z Full Text via HEAL-Link
|
| 912 |
|
|
|a ZDB-2-PHA
|
| 950 |
|
|
|a Physics and Astronomy (Springer-11651)
|